| 000 | 02122nam a2200457 i 4500 | ||
|---|---|---|---|
| 001 | ebr10865279 | ||
| 003 | CaPaEBR | ||
| 006 | m o d | ||
| 007 | cr cn||||||||| | ||
| 008 | 140509t20022002paua o 001 0 eng d | ||
| 020 | _z9780781719919 | ||
| 020 | _a9781469877990 (e-book) | ||
| 040 |
_aCaPaEBR _beng _erda _epn _cCaPaEBR |
||
| 035 | _a(OCoLC)880453775 | ||
| 050 | 1 | 4 |
_aRD558 _b.M378 2002eb |
| 082 | 0 | 4 |
_a617.5/74 _223 |
| 245 | 0 | 0 |
_aMaster techniques in orthopaedic surgery : _bthe elbow / _cBernard F. Morrey, editor ; Jim Postier, Matthew Morrey, illustrators ; James Merritt, acquisition editor ; Pam Sutton, developmental editor ; Karen Quigley, cover designer ; contributors Ralph W. Coonrad [and five others]. |
| 250 | _aFirst edition. | ||
| 264 | 1 |
_aPhiladelphia, Pennsylvania : _bLippincott Williams & Wilkins, _c2002. |
|
| 264 | 4 | _c�2002 | |
| 300 |
_a1 online resource (444 pages) : _billustrations (some color) |
||
| 336 |
_atext _2rdacontent |
||
| 337 |
_acomputer _2rdamedia |
||
| 338 |
_aonline resource _2rdacarrier |
||
| 500 | _aIncludes index. | ||
| 588 | _aDescription based on online resource; title from PDF title page (ebrary, viewed May 8, 2014). | ||
| 590 | _aElectronic reproduction. Palo Alto, Calif. : ebrary, 2014. Available via World Wide Web. Access may be limited to ebrary affiliated libraries. | ||
| 650 | 0 |
_aElbow _xSurgery. |
|
| 650 | 0 | _aOrthopedics. | |
| 655 | 0 | _aElectronic books. | |
| 700 | 1 |
_aMorrey, Bernard F., _eeditor. |
|
| 700 | 1 |
_aPostier, Jim, _eillustrator. |
|
| 700 | 1 |
_aMorrey, Matthew, _eillustrator. |
|
| 700 | 1 |
_aMerritt, James, _eeditor. |
|
| 700 | 1 |
_aSutton, Pam, _eeditor. |
|
| 700 | 1 |
_aQuigley, Karen, _ecover designer. |
|
| 700 | 1 |
_aCoonrad, Ralph W., _econtributor. |
|
| 776 | 0 | 8 |
_iPrint version: _tMaster techniques in orthopaedic surgery : the elbow. _bFirst edition. _dPhiladelphia, Pennsylvania : Lippincott Williams & Wilkins, c2002 _hxv, 432 pages _z9780781719919 |
| 797 | 2 | _aebrary. | |
| 856 | 4 | 0 |
_uhttp://site.ebrary.com/lib/rucke/Doc?id=10865279 _zAn electronic book accessible through the World Wide Web; click to view |
| 999 |
_c107402 _d107402 |
||